População do Distrito de Viana do Castelo por ordem - Statistics

General Stats
  • This quiz has been taken 14 times
  • The average score is 7 of 10
Answer Stats
Hint Answer % Correct
85 778 hab. Viana do Castelo
100%
20 718 hab. Arcos de Valdevez
91%
41 164 hab. Ponte de Lima
91%
15 797 hab. Caminha
73%
17 816 hab. Monção
73%
13 623 hab. Valença
64%
8 921 hab. Vila Nova de Cerveira
64%
7 773 hab. Melgaço
55%
8 632 hab. Paredes de Coura
45%
11 044 hab. Ponte da Barca
36%
No matching quizzes found
Score Distribution
Percent of People with Each Score
Percentile by Number Answered
Your Score History
You have not taken this quiz